000
00303nam a22001337a 4500
008
190226b xxu||||| |||| 00| 0 eng d
020
_a
9781851455171
041
_a
eng
080
_a
701
100
_a
44
101
_a
ART
245
_a
Toulouse-lautrec the complete posters
_c
Ash,R
942
_2
udc
_c
BK
999
_c
54302
_d
54302